Регионална библиотека "Любен Каравелов" - Русе

Бесарабските българи през втората половина на XX век (Запис номер 161217)

MARC детайли
000 -Лидер
Контролно поле с фиксирана дължина 02223nam a2200469 c 4500
003 - Код на организацията, давaща контролен номер
Контролно поле BLK
005 - Дата и час на последна редакция
Контролно поле 20220725115514.0
008 - Елементи от данни с фиксирана дължина
fixed length control field 180410b bul|||||r ||||||| ||bul||
010 ## - Наследен системен номер
LC control number KNG00168523000
020 ## - Международен стандартен номер на книга ISBN
Международен стандартен номер на книга ISBN 978-954-378-104-1
-- издат.: Тангра ТанНакРа
040 ## - Източник на каталожния запис
Идентификатор на билиотеката - собственик на записа BLK
041 ## - Код за език
Код за езика на текст/звукозапис или на отделно заглавие Български
Код за езика КДБФ Български
072 #7 - Код за тематичната категория
Код организация bullib
Код за тематична категория Н32
Текст Политика Н
080 ## - УДК
Текстов определител УДК Национални малцинства. Оптанти
УДК код - определител по УДК 323.15
УДК определител (477=867)
УДК - код + определител 323.15(477=867)
080 ## - УДК
Текстов определител УДК Национални малцинства. Оптанти
УДК код - определител по УДК 323.15
УДК определител (478.9=867)
УДК - код + определител 323.15(478.9=867)
080 ## - УДК
Текстов определител УДК Нрави и обичаи в частния живот. Обреди при раждане, кръщене, пълнолетие, жертвопринасяне, сватба, семеен живот, брак, любов, дружба, гостоприемство, осиновяване и др.
УДК код - определител по УДК 392
УДК определител (=867)
УДК - код + определител 392(=867)
100 1# - Редна дума - Автор
Автор Попова, Илонка Желязкова
Авторска отговорност първи автор
R(LIN) 380910
139 ## - Редно поле
Редна дума Попова, Илонка Желязкова
Авторски знак Попов - П 76
245 10 - Сведения за заглавието
Заглавие Бесарабските българи през втората половина на XX век
Редно поле (дума) Илонка Желязкова Попова.
257 ## - Страна на издаване
Страна на създаване/издаване България
260 ## - Област на издателските данни
-- София
Име на издателя, разпространителя и проч. Тангра ТанНакРа
Година на издаване 2013
Печатница София : Дайрект сървисиз
300 ## - Физическа характеристика
Страници 152 с.
Илюстрации и др. с ил., портр.
Размери/Мащаб 23 см
380 ## - Жанр
Жанр Обществени науки
500 ## - Общи забележки
Забележка Съдържа и за авт. - Библиогр. с. 150-151 и под линия.
650 #4 - Допълнително описание по предмет – тема
Основно описание – тема или топоним Бесарабски българи - история
9 (RLIN) 245369
650 #4 - Допълнително описание по предмет – тема
Основно описание – тема или топоним Бесарабски българи - Молдова
9 (RLIN) 291905
651 #4 - Допълнително описание по предмет - топоним
Географско понятие Украйна
9 (RLIN) 179705
651 #4 - Допълнително описание по предмет - топоним
Географско понятие Молдова
9 (RLIN) 179229
653 ## - Ключова дума – ненормативна
Ключова дума бесарабски българи
653 ## - Ключова дума – ненормативна
Ключова дума Украйна
653 ## - Ключова дума – ненормативна
Ключова дума Молдова
653 ## - Ключова дума – ненормативна
Ключова дума история
653 ## - Ключова дума – ненормативна
Ключова дума семейни отношения
653 ## - Ключова дума – ненормативна
Ключова дума труд
653 ## - Ключова дума – ненормативна
Ключова дума обичаи
659 ## - Тематичен бюлетин
Тематичен бюлетин Н
852 ## - Местоположение
Форматна сигнатура Цб 271825
856 4# - Електронен адрес и достъп
Електронен формат pdf - файл
Път до файла /url/
856 4# - Електронен адрес и достъп
Електронен формат pdf - файл
Път до файла /url/
942 ## - АРТИКУЛИ
Вид на библиотечния материал Книги
Скрит в OPAC Не
Koha issues (borrowed), all copies 3
944 ## - СЪЗДАВАНЕ И РЕДАКЦИЯ на ЗАПИСА
Създаване/Редакция Създаване
Дата на регистрацията/редакция 10.12.2014
Статус, дата на статуса ф /
Служител, извършил регистрацията/редакцията Виолета_Тройчева
944 ## - СЪЗДАВАНЕ И РЕДАКЦИЯ на ЗАПИСА
Създаване/Редакция Редакция
Дата на регистрацията/редакция 24.06.2015
Статус, дата на статуса ф /
Служител, извършил регистрацията/редакцията Людмила_Стоянова
999 ## - СИСТЕМНИ КОНТРОЛНИ НОМЕРА
Koha biblionumber 161217
Koha biblioitemnumber 161217
Наличности
Код за отписване Код за изгубен артикул Код за повреда Коз за рестрикции Код за отдаване Артикулен № Име на библиотеката - собственик Име на библиотеката, в която се намира в момента Статус (Текущо местоположение) Дата на вписване в системата Местоположение - отдел Цена в лева Инвентарен номер Систематично азбучна сигнатура Баркод Номер на екземпляра Цена в евро Служебна бележка Служебен тип на артикула
  Не е изгубен Не е повреден без рестрикции ползва се в читалня 269410 Регионална библиотека "Любен Каравелов" Русе Регионална библиотека "Любен Каравелов" Русе Хранилище 2014-12-13 Хранилище 6.00 120000783832 Цб 271825 120000783832 1 3.07 Дост: Dp Вид: Д N: 13 Дата: 04.03.2014 Книги
  Не е изгубен Не е повреден без рестрикции заемане за дома 269411 Регионална библиотека "Любен Каравелов" Русе Регионална библиотека "Любен Каравелов" Русе Заемна - подръчен фонд 2015-05-29 Заемна - подръчен фонд 4.80 120000788596 П 323(497.2)/П 76 120000788596 2 2.45 Дост: Pk Вид: Ф N: 1083 Дата: 24.05.2015 Дата инв: 02.02.2018 Бележки инв: П2018 Книги
Vip Innovations Ltd, Rousse, Bulgaria 2025